000 02503cam a2200373 i 4500
001 200468083
003 TR-AnTOB
005 20260413153156.0
007 ta
008 260413s19539999nyu 000 0 eng u
010 _a^^^54000732^
035 _a(OCoLC)559188
_z(OCoLC)31033325
_z(OCoLC)960053394
_z(OCoLC)1019693343
_z(OCoLC)1022195652
_z(OCoLC)1052925194
035 _a(TR-AnTOB)200468083
040 _aTOL
_beng
_erda
_cTOL
_dHLS
_dTR-AnTOB
041 0 _aeng
050 0 _aPS648.S5
_bC66
090 _aPS648.S5
_bC66
245 1 0 _aContemporary short stories :
_brepresentative selections /
_cedited, with an introduction, by Maurice Baudin.
264 1 _aNew York :
_bLiberal Arts Press,
_c[1953-
300 _avolumes ;
_c21 cm
336 _atext
_btxt
_2rdacontent
337 _aunmediated
_bn
_2rdamedia
338 _avolume
_bnc
_2rdacarrier
490 0 _aThe American heritage series ;
_vno. 12
505 0 _aVol. 1: Xingu / Edith Wharton -- Paul's case / Willa Cather -- Who dealt? / Ring Lardner -- Your obituary, well written / Conrad Aiken -- Rope / Katherine Anne Porter -- The day the dam broke / James Thurber -- The king of the cats / Stephen Vincent Benet -- The daring young man on the flying trapeze / William Saroyan -- Hook / Walter Van Tilburg Clark -- The hunted / Maurice Baudin, Jr.
505 0 _aVol. 2: Nice girl / Sherwood Anderson -- Blood pressure / Damon Runyon -- Young Man Axelbrod / Sinclair Lewis -- Blue murder / Wilbur Daniel Steele -- Old Man Minick / Edna Ferber -- The old demon / Pearl Buck -- Send in your answer / William March -- Babylon revisited / F. Scott Fitzgerald -- The undefeated / Ernest Hemingway -- The leader of the people / John Steinbeck -- City folks / Thyra Samter Winslow -- The tuxedos / Jerome Weidman.
505 0 _aVol. 3: A jury of her peers / Susan Glaspell -- Biography / Thomas Beer -- Golden wedding / Ruth Suckow -- Children's page / John P. Marquand -- The man who shot snapping turtles / Edmund Wilson -- Uncle Willy / William Faulkner -- The second tree from the corner / E.B. White -- The break / Charles Jackson -- The doctor's son / John O'Hara -- The tooth / Shirley Jackson -- Shut a final door / Truman Capote -- The unspoiled reaction / Mary McCarthy -- First day finish / Jessamyn West.
650 0 _aShort stories, American
_946151
655 7 _aShort stories
_2lcgft
_9153047
700 1 _aBaudin, Maurice,
_d1892-
_eeditor
_4edt
_9153610
942 _2lcc
_cBK
999 _c200468083
_d86295